01246agaaa2200277 45000010005000000030009000050050017000140070009000310080040000400400023000800410013001031000047001161300031001632450172001942500022003662600121003883000033005095080129005425110037006715380016007085460013007246500056007377000055007937000059008487000061009071047IT-RoPAU20220918181224.0d cvaizq50131s9999||||xx ||| | || ||und|| aIT-RoPAUcIT-RoPAU aITALIANO aDi Carlo CarlogCodice regista SPICS: 7226 aUNO DALLE NOVE ALLE CINQUE aUNO DALLE NOVE ALLE CINQUEcSceneggiatura: Di Carlo Carlo Laks Lucille -- Diretto da: Di Carlo CarlopUNO DALLE NOVE ALLE CINQUE (Rif. Codice opera principale : A1047) aEdizione Standard aGERMANIA (ITALIA)bZWEITES DEUTSCHES FERNSEHEN / Distribuzione: RAIg"1974 (1° ed.: 1991 ; Ed. Lingua Orig.: 1974)" aVHSbsonoro, col.c45 minuti a"Fotografia: Bevilacqua Angelo; Montaggio: Vergine Aldo; Musica: Bacalov Luis; Sceneggiatura: Di Carlo Carlo Laks Lucille; " a"Mensching Herbert; Lutz Regine" aPAL, STEREO aITALIANO aDRAMMATICOeFILMS [VHS]xCodice MATERIA SPICS: 9960 aBacalov Luise(musica)gCodice Musica SPICS: 21505 aDi Carlo Carlo e(regista)gCodice regista SPICS: 7226 aDi Carlo Carlo e(soggetto)gCodice Soggetto SPICS: 7226